|
|
|
|
| LEADER |
00000nab a2200000 a 4500 |
| 001 |
vtls000737104 |
| 003 |
SK-MaSNL |
| 005 |
20260304104744.0 |
| 008 |
250429c2000 xo 0 slo |
| 015 |
|
|
|a SNBRB2000/11-27036
|
| 035 |
|
|
|a CLN000088971
|
| 035 |
|
|
|a urn:nbn:sk:snk-abbtu8
|
| 035 |
|
|
|a (urnnbn)urn:nbn:sk:snk:ar-0046j3
|
| 035 |
|
|
|a (uuid)e8e48e2c-16f6-4297-be95-fc4c8cbb4880
|
| 040 |
|
|
|a SNKBUCL
|b slo
|c SNKBUCL
|e AACR2
|
| 041 |
0 |
|
|a slo
|
| 044 |
|
|
|a xo
|c SK
|
| 080 |
|
|
|a 82:929:885.4
|2 1997
|
| 080 |
|
|
|a 885.4:929
|2 1997
|
| 080 |
|
|
|a 929 Gerbóc, Jozef
|2 1997
|
| 245 |
0 |
0 |
|a PhDr. Jozef Gerbóc sa narodil ...
|
| 300 |
|
|
|b Fotogr.
|
| 600 |
1 |
7 |
|a Gerbóc, Jozef,
|d 1942-2000
|2 snkbucl
|9 13284
|
| 655 |
|
7 |
|a články z novín a časopisov
|2 snkbucl
|9 267496
|
| 773 |
0 |
|
|t Revue svetovej literatúry
|g Roč. 36, č. 2 (2000), s. 133-134
|x 0231-6269
|
| 850 |
|
|
|a Slovenská národná knižnica
|
| 852 |
|
|
|a Slovenská národná knižnica
|
| 958 |
|
|
|a article15
|
| 958 |
|
|
|a OND
|
| 958 |
|
|
|a LX
|
| 958 |
|
|
|a SK
|
| 958 |
|
|
|a BX
|
| 958 |
|
|
|a EUIPO
|
| 992 |
|
|
|a RBX
|
| 999 |
|
|
|c 2852839
|d 2854769
|